000 00800nas a2200253Ia 4500
001 R701/D3897
003 IT-RoPAU
008 151124c99999999xx |||||||||||| ||und||
040 _aIT-RoPAU
040 _cIT-RoPAU
041 _aITALIANO
100 _aAA.VV.
_gCodice Aut. SPICS: 12000
210 _aCARTE SEMIOTICHE
222 _aCarte Semiotiche
245 _aCARTE SEMIOTICHE, NUOVA SERIE N.02 (SETTEMBRE 1995)
_bCarte Semiotiche, Nuova Serie N.02 (Settembre 1995)
250 _a1a ed.
260 _aSIENA
_bPROTAGON EDITORI TOSCANI
_c1995
501 _bPaulus - SPICS - Società San Paolo EM (non-commercial uses only)
_cCopyright2015
300 _a104 p.
362 _aN.02 (SETTEMBRE 1995)
500 _aTraduzione.
650 _aSEMIOTICA
_vPUBBLICAZIONE PERIODICA
942 _cCR
999 _c189094
_d189094